Les suisses en formule 1 - Statistiques

Statistiques générales
  • Ce quiz a été pris 42 fois
  • Le résultat moyen est 4 sur 22
Statistiques - réponses
Stats Drivers % Correct
132 GP / 1970-1980 /5 wins / 5 poles Clay Regazzoni
79%
55 GP / 2009-2011 Sébastien Buemi
74%
96 GP / 1962-1971 /2 wins / 2 poles Jo Siffert
62%
81 GP / 1979-1986 /1 FL Marc Surer
24%
3 GP / 1994-1995 Jena-Denis Deletraz
18%
22 GP / 1950-1954, 1956 Emmanuel de Graffenried
15%
7 GP / 1990 Gregor Foitek
12%
1 GP 1953 Albert Scherrer
9%
3 GP / 1992 Andrea Chiesa
9%
2 GP / 1987 Franco Forini
9%
1 GP / 1962 Heini Walter
9%
1 GP / 1962 Heinz Schiller
9%
1 GP / 1975 Jo Vonlanthen
9%
3 GP / 1976 Loris Kessel
9%
2 GP / 1952-1953 Max de Terra
9%
2 GP / 1961 Michael May
9%
3 GP / 1954, 1956-1957 Ottorino Volonterio
9%
5 GP / 1951-1953 Peter Hirt
9%
7 GP / 1951-1952 / 2 podiums Rudi Fischer
9%
1 GP / 1952 Rudolf Schoeller
9%
12 GP / 1967-1971 Silvio Moser
9%
3 GP / 1950-1951 Toni Branca
9%
Aucun quiz correspondant
Distribution des résultats
% des personnes avec chaque résultat
Percentile par nombre de réponses
Votre historique - résultats
Vous n’avez pas pris ce quiz